<?xml version="1.0" encoding="UTF-8"?>
<record
    xmlns:xsi="http://www.w3.org/2001/XMLSchema-instance"
    xsi:schemaLocation="http://www.loc.gov/MARC21/slim http://www.loc.gov/standards/marcxml/schema/MARC21slim.xsd"
    xmlns="http://www.loc.gov/MARC21/slim">

  <leader>00643nam a22001817a 4500</leader>
  <datafield tag="999" ind1=" " ind2=" ">
    <subfield code="c">58474</subfield>
    <subfield code="d">58474</subfield>
  </datafield>
  <controlfield tag="003">Ge_BSU</controlfield>
  <controlfield tag="005">20220324131149.0</controlfield>
  <controlfield tag="008">220324s2021    ge ||||| |||| 00| 0 geo d</controlfield>
  <datafield tag="020" ind1=" " ind2=" ">
    <subfield code="a">9789941498299</subfield>
  </datafield>
  <datafield tag="041" ind1=" " ind2=" ">
    <subfield code="a">geo</subfield>
  </datafield>
  <datafield tag="080" ind1=" " ind2=" ">
    <subfield code="a">616.31 &#x10D2;-97</subfield>
  </datafield>
  <datafield tag="100" ind1=" " ind2=" ">
    <subfield code="a">&#x10D2;&#x10E3;&#x10E0;&#x10D2;&#x10D4;&#x10DC;&#x10D8;&#x10EB;&#x10D4;, &#x10D9;&#x10D0;&#x10EE;&#x10D0;</subfield>
    <subfield code="9">13612</subfield>
  </datafield>
  <datafield tag="245" ind1=" " ind2=" ">
    <subfield code="a">&#x10D3;&#x10D4;&#x10DC;&#x10E2;&#x10D0;&#x10DA;&#x10E3;&#x10E0;&#x10D8; &#x10D8;&#x10DB;&#x10DE;&#x10D0;&#x10DA;&#x10DC;&#x10E2;&#x10D0;&#x10EA;&#x10D8;&#x10D0; :</subfield>
    <subfield code="b">&#x10DC;&#x10D0;&#x10EC;&#x10D8;&#x10DA;&#x10D8; 1 /</subfield>
    <subfield code="c">&#x10D9;&#x10D0;&#x10EE;&#x10D0; &#x10D2;&#x10E3;&#x10E0;&#x10D2;&#x10D4;&#x10DC;&#x10D8;&#x10EB;&#x10D4;.</subfield>
  </datafield>
  <datafield tag="264" ind1=" " ind2=" ">
    <subfield code="a">&#x10D7;&#x10D1;&#x10D8;&#x10DA;&#x10D8;&#x10E1;&#x10D8; :</subfield>
    <subfield code="b">&#x10DB;&#x10EC;&#x10D8;&#x10D2;&#x10DC;&#x10DD;&#x10D1;&#x10D0;&#x10E0;&#x10D8;,</subfield>
    <subfield code="c">2021.</subfield>
  </datafield>
  <datafield tag="300" ind1=" " ind2=" ">
    <subfield code="a">220 &#x10D2;&#x10D5;. </subfield>
    <subfield code="b">&#x10D8;&#x10DA;.</subfield>
    <subfield code="c">25 &#x10E1;&#x10DB;.</subfield>
  </datafield>
  <datafield tag="773" ind1=" " ind2=" ">
    <subfield code="t">&#x10DC;&#x10D0;&#x10E9;&#x10E3;&#x10E5;&#x10D0;&#x10E0;&#x10D8;</subfield>
  </datafield>
  <datafield tag="942" ind1=" " ind2=" ">
    <subfield code="2">udc</subfield>
    <subfield code="c">BK</subfield>
  </datafield>
  <datafield tag="952" ind1=" " ind2=" ">
    <subfield code="0">0</subfield>
    <subfield code="1">0</subfield>
    <subfield code="2">udc</subfield>
    <subfield code="4">0</subfield>
    <subfield code="6">61631_&#x10D2;97</subfield>
    <subfield code="7">0</subfield>
    <subfield code="9">91463</subfield>
    <subfield code="a">CPL</subfield>
    <subfield code="b">CPL</subfield>
    <subfield code="c">GEN</subfield>
    <subfield code="d">2022-03-24</subfield>
    <subfield code="g">20.00</subfield>
    <subfield code="o">616.31 &#x10D2;-97</subfield>
    <subfield code="p">62206</subfield>
    <subfield code="r">2022-03-24</subfield>
    <subfield code="t">62606</subfield>
    <subfield code="w">2022-03-24</subfield>
    <subfield code="y">BK</subfield>
    <subfield code="z">20 &#x10DA;.</subfield>
  </datafield>
</record>
